Welcome to WEB OPAC of MRSPTU Central Library

Farm Power and Machinery Agricultural Engineerimg :For GATE, JRF, NET, ARS, ACF,IFS Assistant Professor Exam (Record no. 7633)

MARC details
000 -LEADER
fixed length control field 00468nam a2200157Ia 4500
008 - FIXED-LENGTH DATA ELEMENTS--GENERAL INFORMATION
fixed length control field 230711s9999||||xx |||||||||||||| ||und||
020 ## - INTERNATIONAL STANDARD BOOK NUMBER
International Standard Book Number 978-93-5359-375-9
041 ## - LANGUAGE CODE
Language code of text/sound track or separate title ENG
082 ## - DEWEY DECIMAL CLASSIFICATION NUMBER
Classification number 631.3
Item number MU-F
100 ## - MAIN ENTRY--PERSONAL NAME
Personal name Muzamil, M.
245 #0 - TITLE STATEMENT
Title Farm Power and Machinery Agricultural Engineerimg :For GATE, JRF, NET, ARS, ACF,IFS Assistant Professor Exam
260 ## - PUBLICATION, DISTRIBUTION, ETC.
Date of publication, distribution, etc. 2022
Place of publication, distribution, etc. New Delhi
Name of publisher, distributor, etc. Kalyani Publishers House
300 ## - PHYSICAL DESCRIPTION
Extent 313p.
650 ## - SUBJECT ADDED ENTRY--TOPICAL TERM
Topical term or geographic name entry element Agriculture
942 ## - ADDED ENTRY ELEMENTS (KOHA)
Koha item type Book
Holdings
Withdrawn status Lost status Damaged status Not for loan Collection Home library Current library Date acquired Source of acquisition Cost, normal purchase price Inventory number Total checkouts Full call number Barcode Date last seen Date last checked out Price effective from Koha item type
          MRSPTU Central Library MRSPTU Central Library   Technical Bureau India PVT.LTD 295.00 TB48044713 2 631.3 MU-F P2418 03/27/2026 12/24/2025 08/17/2023 Book
          MRSPTU Central Library MRSPTU Central Library   Technical Bureau India PVT.LTD 295.00 TB48044713   631.3 MU-F P2419 08/17/2023   08/17/2023 Book
          MRSPTU Central Library MRSPTU Central Library   Technical Bureau India PVT.LTD 295.00 TB48044713   631.3 MU-F P2420 08/17/2023   08/17/2023 Book
          MRSPTU Central Library MRSPTU Central Library   Technical Bureau India PVT.LTD 295.00 TB48044713   631.3 MU-F P2421 08/17/2023   08/17/2023 Book
          MRSPTU Central Library MRSPTU Central Library   Technical Bureau India PVT.LTD 295.00 TB48044713   631.3 MU-F P2422 08/17/2023   08/17/2023 Book

Website Designed and Developed by MRSPTU Central Library Team

E-mail Id: librarian@mrsptu.ac.in